000 00298nam a22001337a 4500
008 170524b xxu||||| |||| 00| 0 eng d
020 _a9780030516481
041 _aeng
080 _23 ED
_a62
100 _a27
101 _aIM
245 _aMICROELECTRONIC CIRCUITS
_cSMITH.S
942 _2udc
_cBK
999 _c14065
_d14065